Контроль и оценка круглости деталей машин

Λεπτομέρειες βιβλιογραφικής εγγραφής
Κύριος συγγραφέας: Авдулов А. Н. Андрей Николаевич
Γλώσσα:Ρωσικά
Έκδοση: Москва, Изд-во стандартов, 1974
Θέματα:
Μορφή: Βιβλίο
KOHA link:https://koha.lib.tpu.ru/cgi-bin/koha/opac-detail.pl?biblionumber=247733

MARC

LEADER 00000nam0a2200000 4500
001 247733
005 20231101232326.0
035 |a (RuTPU)RU\TPU\book\269320 
090 |a 247733 
100 |a 20140114d1974 k y0rusy50 ca 
101 0 |a rus 
102 |a RU 
105 |a a z 001zy 
200 1 |a Контроль и оценка круглости деталей машин  |f А. Н. Авдулов 
210 |a Москва  |c Изд-во стандартов  |d 1974 
215 |a 176 с.  |c ил. 
320 |a Библиогр.: с. 173-174. 
606 1 |a Детали машин  |2 stltpush  |3 (RuTPU)RU\TPU\subj\9224  |9 36422 
610 1 |a контроль 
610 1 |a оценка 
610 1 |a классификация 
610 1 |a круглость 
610 1 |a кругломеры 
610 1 |a графическое изображение 
675 |a 621.81:531  |v 3 
700 1 |a Авдулов  |b А. Н.  |g Андрей Николаевич 
801 1 |a RU  |b 63413507  |c 20140114 
801 2 |a RU  |b 63413507  |c 20140124  |g RCR 
942 |c BK